|
|
|
|
| LEADER |
00000nam0a2200000 4500 |
| 001 |
279931 |
| 005 |
20231101235246.0 |
| 035 |
|
|
|a (RuTPU)RU\TPU\book\303236
|
| 090 |
|
|
|a 279931
|
| 100 |
|
|
|a 20141224d1983 k y0rusy50 ca
|
| 101 |
0 |
|
|a rus
|
| 102 |
|
|
|a RU
|
| 105 |
|
|
|a a z 001zy
|
| 200 |
1 |
|
|a Фундаментальный и сопутствующие процессы формирования земной коры
|f П. Е. Оффман, Э. А. Буш
|
| 210 |
|
|
|a Москва
|c Недра
|d 1983
|
| 215 |
|
|
|a 188 с.
|c ил.
|
| 320 |
|
|
|a Библиогр.: с. 185-186.
|
| 606 |
1 |
|
|a Земная кора
|x Тектоника
|2 stltpush
|3 (RuTPU)RU\TPU\subj\11793
|9 38691
|
| 610 |
1 |
|
|a деформации
|
| 610 |
1 |
|
|a понятия
|
| 610 |
1 |
|
|a термины
|
| 610 |
1 |
|
|a сравнительные данные
|
| 610 |
1 |
|
|a тектонические структуры
|
| 610 |
1 |
|
|a классификация
|
| 610 |
1 |
|
|a Урал
|
| 610 |
1 |
|
|a Приуралье
|
| 610 |
1 |
|
|a особенности
|
| 610 |
1 |
|
|a тектонические движения
|
| 675 |
|
|
|a 551.24
|v 3
|
| 700 |
|
1 |
|a Оффман
|b П. Е.
|g Петр Евгеньевич
|
| 701 |
|
1 |
|a Буш
|b Э. А.
|g Элла Артуровна
|
| 801 |
|
1 |
|a RU
|b 63413507
|c 20141224
|
| 801 |
|
2 |
|a RU
|b 63413507
|c 20151006
|g RCR
|
| 942 |
|
|
|c BK
|